Ventilación mecánica. (Registro nro. 2124)
[ vista simple ]
| 000 -LEADER | |
|---|---|
| fixed length control field | 01231nam a2200313 a 4500 |
| 005 - FECHA ULTIMA MODIFICACION | |
| control field | 20240502113700.0 |
| 008 - CAMPO DE CONTROL (LIBRO) | |
| fixed length control field | 141203t1999||||ag a f |||| 001 0 spa d |
| 020 ## - INTERNATIONAL STANDARD BOOK NUMBER | |
| ISBN | 9504397980 |
| 041 ## - CODIGO DE IDIOMA | |
| Código de idioma del texto/pista de sonido o título separado | spa |
| 092 ## - SIGNATURA TOPOGRAFICA DEWEY LOCAL | |
| número de clasificación | 617.028 |
| libristica | 4 |
| sección | ARA |
| 100 1# - ENTRADA PRINCIPAL--NOMBRE PERSONAL | |
| Nombre personal | Arata, Armando Luis |
| 9 (RLIN) | 3684 |
| 245 ## - TITULO PROPIAMENTE DICHO | |
| Título | Ventilación mecánica. |
| Subtítulo y Título paralelo | Principios básicos / |
| Mención de responsabilidad y remanente de la transcripción de la portada | Armando Luis Arata. |
| 250 ## - MENCION DE EDICION | |
| Mención de edición | 1a ed. |
| 260 ## - PIE DE IMPRENTA | |
| Lugar de publicación, distribución, etc | Buenos Aires: |
| Nombre de la editorial, distribuidor, etc | Corrales Ediciones Médicas; |
| Fecha de publicación | 1999. |
| 300 ## - DESCRIPCION FISICA | |
| Extension | 179 p. |
| 500 ## - NOTA GENERAL | |
| Nota general | Arata, A. L. (1999). Ventilación mecánica. Principios básicos. (1a ed.). Buenos Aires : Corrales Ediciones Médicas. |
| 653 ## - TÉRMINO INDIZADO - PALABRAS CLAVES | |
| Palabra clave | Fisiología respiratoria |
| 653 ## - TÉRMINO INDIZADO - PALABRAS CLAVES | |
| Palabra clave | Indicaciones y objetivos de la ventilación mecánica |
| 653 ## - TÉRMINO INDIZADO - PALABRAS CLAVES | |
| Palabra clave | Modos ventilatorios |
| 653 ## - TÉRMINO INDIZADO - PALABRAS CLAVES | |
| Palabra clave | Principios básicos en la programación de la ventilación mecánica |
| 653 ## - TÉRMINO INDIZADO - PALABRAS CLAVES | |
| Palabra clave | Metodología en la ventilación mecánica |
| 653 ## - TÉRMINO INDIZADO - PALABRAS CLAVES | |
| Palabra clave | Monitoreo del paciente en ventilación mecánica |
| 653 ## - TÉRMINO INDIZADO - PALABRAS CLAVES | |
| Palabra clave | Situaciones especiales |
| 653 ## - TÉRMINO INDIZADO - PALABRAS CLAVES | |
| Palabra clave | Procedimientos generales y especiales en el paciente ventilado |
| 653 ## - TÉRMINO INDIZADO - PALABRAS CLAVES | |
| Palabra clave | Retirada de la ventilación mecánica |
| 653 ## - TÉRMINO INDIZADO - PALABRAS CLAVES | |
| Palabra clave | Complicaciones de la ventilaciñon mecánica |
| 653 ## - TÉRMINO INDIZADO - PALABRAS CLAVES | |
| Palabra clave | Respiradores |
| 942 ## - ADDED ENTRY ELEMENTS (KOHA) | |
| Source of classification or shelving scheme | Dewey Decimal Classification |
| Item type | Libros |
| Estado de retiro | Existencia | Fuente de clasificación | Estado general | No para prestamo | Ubicación permanente | ubicación actual | Fecha de adquisición | Fuente de adquisición | Total Checkouts | Número de clasificación | Código de barras | Date last seen | Número de ejemplar | Price effective from | Koha tipo de elemento (item) | Public note |
|---|---|---|---|---|---|---|---|---|---|---|---|---|---|---|---|---|
| Dewey Decimal Classification | Biblioteca Medicina | Biblioteca Medicina | 03/12/2014 | Donación Diciembre 2014 | 617.028 4 ARA | 3419 | 03/12/2014 | Ej.1 | 03/12/2014 | Libros | Donación Diciembre 2014 |